Tilastot visalle Guyana-visa

Klikkaa tästä pelataksesi tätä visaa!

Yleistilastot

  • Tätä visaa on pelattu 162 kertaa
  • Keskiarvotulos 11 / 18

Vastaustilastot

VihjeVastaus% Oikein
NaapurimaatBrasilia
99%
NaapurimaatVenezuela
99%
NaapurimaatSuriname
98%
Virallinen kieliEnglanti
95%
Ensimmäinen valtio, jonka siirtomaa Guyana oliAlankomaat
78%
PääkaupunkiGeorgetown
78%
ValuuttaGuyanan dollari
74%
Suosituin urheilulajiKriketti
69%
Lähes puolet maan väestöstä on tästä valtiosta lähtöisin olleiden työntekijöiden jälkeläisiäIntia
62%
Sanan "Guyana" merkitysMonien {vesien} maa
47%
Tärkein vientituoteKulta
45%
Puhutuin kieliGuyanan kreoli
42%
Käsite Guyanassa esiintyville pöytävuorille (alkaa kirjaimella T)Tepui
33%
Jim Jonesin johtama kultti, jonka jäsenistä suurin osa teki joukkoitsemurhan 1978Kansan {temppeli}
31%
Guyana ja sen naapurimaat kuuluvat tähän Maan kuoren muodostavaan osaanGuianan {kilpi}
29%
Guyanan pisin joki, jonka lähde löydettiin vasta 2018Essequibo
27%
Toiseksi suurin kaupunki, sen lähellä kaivetaan suuri osa maan bauksiitistaLinden
27%
Tilavuudeltaan suurin yksittäinen vesiputousKaieteur
25%

Tulosjakauma

Persentiili vastausten määrän mukaan

Jokaisen tuloksen saaneiden osuus

Tuloshistoriasi

Et ole pelannut tätä visaa